| 000 | 01048cam a22002411i 4500 | ||
|---|---|---|---|
| 003 | SA-RiAUC | ||
| 005 | 20251002061545.0 | ||
| 008 | 251001q19801989ts g 000 0 ara c | ||
| 040 |
_aSA-JeALM _bara _cSA-RiAUC _erda |
||
| 082 | 0 | 4 | _a224.2 |
| 090 |
_a224.2 _bج ل ا |
||
| 100 | 1 |
_aالجلال السيوطي، عبد الرحمن بن أبي بكر بن محمد، _d849-911 هجري _eمؤلف. |
|
| 245 | 1 | 2 |
_aالمهذب فيما وقع في القرآن من المعرب / _cجلال الدين السيوطي ؛ تحقيق التهامي الراجي الهاشمي. |
| 264 | 1 |
_aأبو ظبي : _bصندوق إحياء التراث الإسلامي، _c[بين 1980 و1989] |
|
| 300 |
_a275 صفحة _c28 سم. |
||
| 336 |
_aنص _btxt _2rdacontent _3كتاب |
||
| 337 |
_aبدون وسيط _bn _2rdamedia |
||
| 630 | 2 | 7 |
_aالقرآن _xألفاظ _2aucut |
| 700 | 1 |
_aالراجي الهاشمي، التهامي، _d1936-2012 _eمحقق. |
|
| 730 | 2 | 2 | _aالقرآن |
| 942 |
_2ddc _cBOOK _n0 |
||
| 949 |
_aSA-JeALM _d251001 _uosman123 _n1 |
||
| 999 |
_c12312 _d12312 |
||